00366nam a22001217a 4500020001500000040000900015082001500024100001700039110001600056245008600072260003800158650004800196 a0335206204 cNUST a658.3bSIS aKeith Sisson aJohn Storey aThe Realities of Human Resource Management bManaging the Employment Relationship aUSA:bLibrary of Congress,c2000. 2The Realities of Human Resource Management